Aprender de los problemas (Registro nro. 302184)
[ vista simple ]
| 000 -ENCABEZADO | |
|---|---|
| Número de control [NR] | 01095 a2200265 4500 |
| 005 - FECHA Y HORA DE LA ÚLTIMA TRANSACCIÓN | |
| control field | 20180313062220.0 |
| 008 - DE LONGITUD FIJA DE DATOS DE ELEMENTOS - INFORMACIÓN GENERAL | |
| Elementos de longitud fija [NR] | 151126s2015 ck d fr|||| 000 0 spa d |
| 020 ## - NUMERO INTERNACIONAL NORMALIZADO PARA LIBROS [R] | |
| Número Internacional Normalizado del libro [NR] | 9789585901117 |
| 040 ## - FUENTE DE CATALOGACION [NR] | |
| Agencia de catalogación original [NR] | CO-BoUCM |
| Idioma de catalogación [NR] | spa |
| Quien Cataloga | Saul Niño |
| Quien Clasifica | Saul Niño |
| 041 0# - CODIGO DE IDIOMA [R] | |
| Código de idioma para texto/pista de sonido o título separado [R] | Español |
| 060 ## - SIGNATURA TOPOGRAFICA DE LA BIBLIOTECA NACIONAL DE MEDICINA (NLM) [R] | |
| Número clasificador [R] | WS 107.5 |
| 100 1# - ASIENTO PRINCIPAL--NOMBRE PERSONAL [NR] | |
| Nombre personal [NR] | Figueroa, Diana |
| ID Autoridad | 74038 |
| 245 ## - MENCION DE TITULO [NR] | |
| Título [NR] | Aprender de los problemas |
| Parte restante del título [NR] | caracterización de la resolución de problemas con estado inicial y final bien definidos, que no requieren conocimiento previo en niños de 4 a 5 años |
| Mención de responsabilidad, etc. [NR] | Diana Lorena Figueroa y María de los Ángeles Rodriguez |
| 260 ## - PUBLICACION, DISTRIBUCION, ETC. (PIE DE IMPRENTA) [R] | |
| Fecha de publicación, distribución, etc. [R] | 2015 |
| Nombre del editor, distribuidor, etc. [R] | Gimnasio Moderno |
| Lugar de publicación, distribución, etc. [R] | Bogotá (Colombia) |
| 300 ## - DESCRIPCION FISICA [R] | |
| Extensión [R] | 80 páginas |
| Otros detalles físicos [NR] | gráficas y cuadros |
| 490 0# - MENCION DE SERIE [R] | |
| Mención de serie [R] | Cuadernos Ex-Libris |
| Designación numérica/secuencial del volumen [NR] | 18 |
| 504 ## - NOTA DE BIBLIOGRAFIA, ETC. [R] | |
| Nota de bibliografía, etc. [NR] | Incluye referencias bibliográficas |
| 650 #7 - ASIENTO SECUNDARIO DE MATERIA - TERMINO TEMATICO [R] | |
| 9 (RLIN) | 22316 |
| Término temático o nombre geográfico como elemento de entrada [NR] | Problemas basados en el aprendizaje |
| 650 #7 - ASIENTO SECUNDARIO DE MATERIA - TERMINO TEMATICO [R] | |
| 9 (RLIN) | 22846 |
| Término temático o nombre geográfico como elemento de entrada [NR] | Psicología infantil |
| 650 #7 - ASIENTO SECUNDARIO DE MATERIA - TERMINO TEMATICO [R] | |
| 9 (RLIN) | 24845 |
| Término temático o nombre geográfico como elemento de entrada [NR] | Solución de problemas |
| 690 ## - ASUNTO AGREGADO LOCAL DE ENTRADA - TÉRMINO TEMÁTICO (OCLC, RLIN) | |
| 9 (RLIN) | 42902 |
| Acceso temático local | Psicología |
| 700 1# - ASIENTO SECUNDARIO - NOMBRE PERSONAL [R] | |
| Nombre personal [NR] | Rodríguez, María de los Ángeles |
| 9 (RLIN) | 74039 |
| 942 ## - ELEMENTOS DE ENTRADA AGREGADOS (KOHA) | |
| Sistema de clasificación | NLM |
| Tema principal | Psicología |
| Tipo de ítem principal el descrito en 300a | Libro |
| Edición | 1 |
| Clasificación | WS 107.5 |
| Parte restante de la signatura top. | F475ap |
| Título oculto en OPAC | No |
| Fecha de último préstamo | Total préstamos | Total Renewals | Signatura topográfica | Código de barras | Última vez visto | Ejemplar | Costo de reposición | Price effective from | Tipo de ítem | Perdido | Sistema de clasificación | Dañado | No prestable | Tipo de ítem específico | Suprimido | Ubicación habitual | Ubicación actual | Localización | Fecha de creación | Proveedor | Forma de adquisición | Costo |
|---|---|---|---|---|---|---|---|---|---|---|---|---|---|---|---|---|---|---|---|---|---|---|
| 30/01/2019 | 2 | 2 | WS 107.5 F475ap | 200023728 | 12/12/2025 | Ej.1 | 26000.00 | 25/11/2015 | Libro | NLM | Libro | Quinta de Mutis | Quinta de Mutis | 2do piso | 25/11/2015 | 12 | Donación | 0.00 |